000 00797cam a2200253 4500
001 6853
003 BD-RjUL
005 20211208234327.0
008 140112s1968 iluac b 001 0ceng
035 _a(BD-RjUL)6895
040 _aDLC
_cDLC
_dDLC
_dBD-RjUL
_beng
041 _aeng
082 0 0 _a398.0922
_bDOB 1968
100 1 _aDorson, Richard M.
_q(Richard Mercer),
_d1916-1981.
_921523
245 1 4 _aThe British folklorists :
_ba history /
_cRichard M. Dorson.
260 _aChicago :
_bUniversity of Chicago Press ,
_cc1968
300 _ax, 518 p. :
_billus., ports. ;
_c23 cm.
504 _aBibliography: p. 442-460. and index.
650 0 _aFolklorists
_zGreat Britain.
_921524
650 0 _aFolklore
_zGreat Britain.
_921525
942 _2ddc
_cBK
999 _c6853
_d6853